La gaviota ; (Record no. 210581)

MARC details
000 -CABECERA
campo de control de longitud fija 00721cam a22002417a 4500
003 - IDENTIFICADOR DEL NÚMERO DE CONTROL
campo de control MX-MxUPN
005 - FECHA Y HORA DE LA ÚLTIMA TRANSACCIÓN
campo de control 20231107193201.0
008 - ELEMENTOS DE LONGITUD FIJA--INFORMACIÓN GENERAL
campo de control de longitud fija 231024b |||||||| |||| 00| d spa d
040 ## - FUENTE DE LA CATALOGACIÓN
Centro catalogador/agencia de origen MX-MxUPN
Lengua de catalogación spa
041 ## - CÓDIGO DE IDIOMA
Código de lengua del texto/banda sonora o título independiente spa
Código de lengua original rus
050 #4 - SIGNATURA TOPOGRÁFICA DE LA BIBLIOTECA DEL CONGRESO
Número de clasificación PG3457 S5
Número de documento/Ítem A2 1978
100 1# - ASIENTO PRINCIPAL--NOMBRE PERSONAL
9 (RLIN) 30916
Nombre de persona Chéjov, Antón Pávlovich,
Fechas asociadas al nombre 1860-1904
245 ## - MENCIÓN DE TÍTULO
Título La gaviota ;
Resto del título El jardín de los cerezos
250 ## - MENCIÓN DE EDICIÓN
Mención de edición Primera edición
260 ## - PUBLICACIÓN, DISTRIBUCIÓN, ETC.
Lugar de publicación, distribución, etc. México, D.F. :
Nombre del editor, distribuidor, etc. UNAM,
Fecha de publicación, distribución, etc. 1973
300 ## - DESCRIPCIÓN FÍSICA
Extensión 153 páginas
490 0# - MENCIÓN DE SERIE
Mención de serie Nuestros clásicos ;
Designación de volumen o secuencia 38
650 #4 - ASIENTO SECUNDARIO DE MATERIA - TERMINO TEMATICO
9 (RLIN) 50570
Término de materia o nombre geográfico como elemento de entrada Teatro ruso
Subdivisión cronológica Siglo XIX
700 1# - ASIENTO SECUNDARIO--NOMBRE DE PERSONAL
9 (RLIN) 50571
Nombre de persona Guardia, Miguel
Término indicativo de función/relación prólogo
902 ## - ELEMENTOS DE DATOS B LOCAL, LDB (RLIN)
Creó GCH241023
Modificó VíctorGodínez/071123
942 ## - ELEMENTOS DE PUNTO DE ACCESO ADICIONAL (KOHA)
Fuente del sistema de clasificación o colocación Library of Congress Classification
Tipo de ítem Koha Libro
Holdings
Estado de retiro Estado de pérdida Fuente del sistema de clasificación o colocación Estado dañado No para préstamo Código de colección Localización permanente Ubicación/localización actual Ubicación en estantería Fecha de adquisición Clasificación Código de barras Fecha visto por última vez Tipo de ítem Koha
    Library of Congress Classification     Colección General Bib. Gregorio Torres Quintero Bib. Gregorio Torres Quintero Planta baja 24/10/2023 PG3457 S5 A2 1978 337542 24/10/2023 Libro